| 000 | 004120000a22001690004500 | ||
|---|---|---|---|
| 005 | 20120302060204.0 | ||
| 942 | _cBOOK | ||
| 100 | _a Matsayan Madhavacharya | ||
| 245 | _a Sanwadarshan Sangraha | ||
| 260 | _aPune:Nirnaya Sagar Press,1924. | ||
| 300 | _a645p. | ||
| 490 | _aRajkiya Prachhaya Granthawali | ||
| 040 | _aS.M | ||
| 365 | _b10/- | ||
| 650 | _aPravaas Varnane | ||
| 650 | _aSarvadarshan Sangraha | ||
| 999 |
_c350485 _d350482 |
||